| 000 | 00663nam a2200169Ia 4500 | ||
|---|---|---|---|
| 008 | 110201s9999 xx 000 0 und d | ||
| 082 |
_bB3915 _aKS 739 |
||
| 100 | _aतेंडुलकर प्रिया | ||
| 245 | _aजन्मलेल्या प्रत्येकाला | ||
| 260 | _bडिंपल पब्लिकेशन | ||
| 365 | _b65 | ||
| 600 | _aतेंडुलकर प्रिया | ||
| 630 | _aजन्मलेल्या प्रत्येकाला | ||
| 700 | _aतेंडुलकर प्रिया | ||
| 730 | _aजन्मलेल्या प्रत्येकाला | ||
| 942 | _cBOOK | ||
| 999 |
_c830451 _d830448 |
||